[Event "Florianopolis op 6th"]
[Site "Florianopolis"]
[Date "2020.01.26"]
[Round "10"]
[White "Amorin, Gabriel Ferrante"]
[Black "De Oliveira Filho, Fernando Figueredo"]
[Result "1/2-1/2"]
[WhiteElo "1180"]
[BlackElo "1680"]
[PlyCount "127"]
[EventDate "2020.01.20"]
[EventType "swiss"]
[EventRounds "10"]
[EventCountry "BRA"]
[SourceTitle "CBM 194 Extra"]
[Source "ChessBase"]
[SourceDate "2020.03.31"]
[SourceVersion "1"]
[SourceVersionDate "2020.03.31"]
[SourceQuality "1"]

1. e4 e6 2. d4 d5 3. exd5 exd5 4. Bd3 Bd6 5. Ne2 Ne7 6. 0-0 0-0 7. Bf4 Bg4 8. f3 Bh5 9. c3 c6 10. Qb3 b6 11. a4 Bg6 12. Bxg6 Nxg6 13. Bxd6 Qxd6 14. a5 b5 15. Na3 a6 16. Nc2 Nd7 17. Nb4 Nf6 18. Nc1 c5 19. dxc5 Qxc5+ 20. Kh1 Qc4 21. Rd1 Rfd8 22. Qxc4 dxc4 23. Ne2 Ne5 24. Rxd8+ Rxd8 25. Nxa6 Nd3 26. Nd4 Nxb2 27. Rb1 Na4 28. Rxb5 Nxc3 29. Rb8 Rf8 30. Rxf8+ Kxf8 31. Nc7 Na4 32. a6 c3 33. Ncb5 Nd5 34. a7 Nab6 35. Kg1 Ke8 36. Kf2 Kd8 37. Ke1 Kc8 38. Nd6+ Kc7 39. Nxf7 Kb7 40. Nb5 Kc6 41. Nfd6 Kc5 42. g3 Kb4 43. Kd1 Kb3 44. Nd4+ Kb2 45. Nc4+ Kb1 46. Nxb6 Nxb6 47. h4 Kb2 48. g4 Ka3 49. f4 Ka4 50. g5 Ka5 51. f5 Ka6 52. a8Q+ Nxa8 53. f6 gxf6 54. gxf6 Nb6 55. f7 Nd7 56. Kc2 Nf8 57. Kxc3 Kb6 58. Kc4 Kc7 59. Kd5 Kd7 60. Nf5 h5 61. Ke4 Nh7 62. Ng7 Ke7 63. Nxh5 Kxf7 64. Kf5 1/2-1/2

[Event "Florianopolis op 6th"]
[Site "Florianopolis"]
[Date "2020.01.24"]
[Round "7"]
[White "Machado, Luiz Fernando"]
[Black "Amorin, Gabriel Ferrante"]
[Result "1-0"]
[WhiteElo "1492"]
[BlackElo "1180"]
[PlyCount "39"]
[EventDate "2020.01.20"]
[EventType "swiss"]
[EventRounds "10"]
[EventCountry "BRA"]
[SourceTitle "CBM 194 Extra"]
[Source "ChessBase"]
[SourceDate "2020.03.31"]
[SourceVersion "1"]
[SourceVersionDate "2020.03.31"]
[SourceQuality "1"]

1. e4 e5 2. Nf3 Nc6 3. Bc4 Nf6 4. Ng5 d5 5. exd5 Nd4 6. c3 b5 7. Bf1 h6 8. cxd4 hxg5 9. dxe5 Nxd5 10. Bxb5+ Bd7 11. Bxd7+ Qxd7 12. 0-0 Nf4 13. d4 Rb8 14. Bxf4 gxf4 15. Qd2 f3 16. Qc3 fxg2 17. Rc1 Rh6 18. Qxc7 Rg6 19. Qxb8+ Ke7 20. Rc7 1-0

[Event "Florianopolis op 6th"]
[Site "Florianopolis"]
[Date "2020.01.23"]
[Round "5"]
[White "Amorin, Gabriel Ferrante"]
[Black "Reis, Caio Jose De Carval"]
[Result "1-0"]
[WhiteElo "1180"]
[BlackElo "1372"]
[PlyCount "71"]
[EventDate "2020.01.20"]
[EventType "swiss"]
[EventRounds "10"]
[EventCountry "BRA"]
[SourceTitle "CBM 194 Extra"]
[Source "ChessBase"]
[SourceDate "2020.03.31"]
[SourceVersion "1"]
[SourceVersionDate "2020.03.31"]
[SourceQuality "1"]

1. e4 c5 2. Nf3 e6 3. d4 cxd4 4. Nxd4 a6 5. Be3 Qc7 6. g3 Nf6 7. Bg2 Nc6 8. c3 d6 9. 0-0 e5 10. Ne2 Be7 11. h3 Be6 12. f4 exf4 13. Nxf4 Qd7 14. Nd5 Bxd5 15. exd5 Ne5 16. Na3 Rc8 17. g4 h6 18. Qe2 Nh7 19. Bf4 Bf6 20. Nc2 g5 21. Bg3 Kf8 22. Be4 Bd8 23. Bf5 Bb6+ 24. Kg2 Qc7 25. Bxc8 Qxc8 26. Bxe5 dxe5 27. Qxe5 Kg8 28. Qe7 Qc7 29. Qxc7 Bxc7 30. Rae1 Kf8 31. Nd4 Bf4 32. Nf5 Nf6 33. d6 h5 34. gxh5 Rxh5 35. h4 Nd5 36. d7 1-0

[Event "Florianopolis op 6th"]
[Site "Florianopolis"]
[Date "2020.01.22"]
[Round "4"]
[White "Do Carmo, Luciano Dias"]
[Black "Amorin, Gabriel Ferrante"]
[Result "1-0"]
[WhiteElo "1559"]
[BlackElo "1180"]
[PlyCount "95"]
[EventDate "2020.01.20"]
[EventType "swiss"]
[EventRounds "10"]
[EventCountry "BRA"]
[SourceTitle "CBM 194 Extra"]
[Source "ChessBase"]
[SourceDate "2020.03.31"]
[SourceVersion "1"]
[SourceVersionDate "2020.03.31"]
[SourceQuality "1"]

1. e4 e5 2. Nf3 Nc6 3. Bc4 Nf6 4. Ng5 d5 5. exd5 Nd4 6. d3 b5 7. Bb3 Nxb3 8. axb3 Qxd5 9. Qf3 Bb7 10. Qxd5 Nxd5 11. c3 Bd6 12. 0-0 0-0 13. Ne4 a6 14. Nxd6 cxd6 15. Bd2 Nb6 16. Be3 Nd7 17. Na3 b4 18. Nc2 a5 19. f4 Rfc8 20. c4 exf4 21. Rxf4 Nc5 22. Bxc5 dxc5 23. d4 cxd4 24. Rxd4 Re8 25. Kf2 Bxg2 26. Ne3 Be4 27. Nd5 Bc2 28. Nc7 Red8 29. Rxa5 Rac8 30. Rxd8+ Rxd8 31. Ra8 Rxa8 32. Nxa8 Bxb3 33. c5 Bd5 34. Nc7 Bb7 35. Nb5 Kf8 36. Ke3 Ke7 37. Kd4 Kd7 38. Nd6 Bg2 39. Nxf7 Kc7 40. Kc4 b3 41. Ng5 h6 42. Ne6+ Kd7 43. Nxg7 Be4 44. h4 Bc2 45. Nh5 Kc7 46. Nf4 Kc6 47. Ne6 Bd1 48. Nd4+ 1-0

[Event "Sao Paulo Carnaval op"]
[Site "Sao Paulo"]
[Date "2018.02.12"]
[Round "5"]
[White "Sato, Leticia Miho"]
[Black "Amorin, Gabriel Ferrante"]
[Result "1-0"]
[WhiteElo "1540"]
[BlackElo "1031"]
[PlyCount "45"]
[EventDate "2018.02.10"]
[EventType "swiss"]
[EventRounds "7"]
[EventCountry "BRA"]
[SourceTitle "CBM 183 Extra"]
[Source "ChessBase"]
[SourceDate "2018.04.19"]
[SourceVersion "1"]
[SourceVersionDate "2018.04.19"]
[SourceQuality "1"]

1. d4 d5 2. Nf3 Nf6 3. Bf4 Bf5 4. e3 e6 5. Bd3 Bxd3 6. Qxd3 Bd6 7. Bg3 0-0 8. Nbd2 Re8 9. c4 dxc4 10. Nxc4 Bb4+ 11. Ncd2 c5 12. a3 Ba5 13. Qc2 cxd4 14. Nxd4 Qd5 15. 0-0 Bxd2 16. Qxd2 Ne4 17. Qe2 Nxg3 18. hxg3 Nd7 19. Rfd1 Red8 20. Nb5 Qg5 21. Nd6 Nb6 22. Nxb7 Nd5 23. Nxd8 1-0

[Event "Sao Paulo Carnaval op"]
[Site "Sao Paulo"]
[Date "2018.02.11"]
[Round "3"]
[White "Lima, Aine Carolina"]
[Black "Amorin, Gabriel Ferrante"]
[Result "1-0"]
[WhiteElo "1518"]
[BlackElo "1031"]
[PlyCount "59"]
[EventDate "2018.02.10"]
[EventType "swiss"]
[EventRounds "7"]
[EventCountry "BRA"]
[SourceTitle "CBM 183 Extra"]
[Source "ChessBase"]
[SourceDate "2018.04.19"]
[SourceVersion "1"]
[SourceVersionDate "2018.04.19"]
[SourceQuality "1"]

1. e4 e5 2. d4 exd4 3. Bc4 Nc6 4. Nf3 Nf6 5. e5 d5 6. exd6 Bxd6 7. 0-0 0-0 8. h3 Re8 9. Nbd2 Bc5 10. Nb3 Bb6 11. Bf4 Bf5 12. Ng5 Bg6 13. a3 Nd5 14. Bxd5 Qxd5 15. Nf3 Rad8 16. Rc1 d3 17. c4 Qe4 18. Bd2 Qe2 19. c5 Bxc5 20. Nxc5 Rd5 21. Na4 Be4 22. Nc3 Qxd1 23. Rfxd1 Bxf3 24. gxf3 Rf5 25. f4 Nd4 26. Be3 Ne2+ 27. Nxe2 dxe2 28. Re1 f6 29. Rxc7 Rxf4 30. Bxf4 1-0

[Event "Florianopolis op 4th"]
[Site "Florianopolis"]
[Date "2018.01.21"]
[Round "4"]
[White "Lemos, Paulo Renato Bueno"]
[Black "Amorin, Gabriel Ferrante"]
[Result "1-0"]
[WhiteElo "1880"]
[BlackElo "1031"]
[PlyCount "52"]
[EventDate "2018.01.19"]
[EventType "swiss"]
[EventRounds "10"]
[EventCountry "BRA"]
[SourceTitle "EXT 2019"]
[Source "ChessBase"]
[SourceDate "2018.10.10"]
[SourceVersion "1"]
[SourceVersionDate "2018.10.10"]
[SourceQuality "1"]

1. e4 e5 2. Nf3 Nc6 3. Bb5 a6 4. Ba4 Nf6 5. 0-0 b5 6. Bb3 Be7 7. Re1 0-0 8. c3 d6 9. h3 Na5 10. Bc2 c5 11. d4 Qc7 12. d5 c4 13. Nbd2 Nb7 14. Nf1 Nc5 15. Ng3 Re8 16. Nh2 Bf8 17. f4 Nfd7 18. f5 Bb7 19. Nh5 g6 20. Ng3 Kh8 21. Qf3 Be7 22. Rf1 Nf6 23. Ng4 Nxg4 24. hxg4 Qd8 25. f6 Bf8 26. g5 Qd7 1-0

[Event "Florianopolis op 4th"]
[Site "Florianopolis"]
[Date "2018.01.19"]
[Round "1"]
[White "Amorin, Gabriel Ferrante"]
[Black "Queiroz da Costa, Alan Patrick"]
[Result "1-0"]
[WhiteElo "1031"]
[BlackElo "1562"]
[PlyCount "67"]
[EventDate "2018.01.19"]
[EventType "swiss"]
[EventRounds "10"]
[EventCountry "BRA"]
[SourceTitle "CBM 182 Extra"]
[Source "ChessBase"]
[SourceDate "2018.02.23"]
[SourceVersion "1"]
[SourceVersionDate "2018.02.23"]
[SourceQuality "1"]

1. e4 c5 2. Nf3 g6 3. d4 cxd4 4. Nxd4 Bg7 5. Be3 Nf6 6. Nc3 d6 7. Bc4 0-0 8. f3 Bd7 9. Qd2 Nc6 10. 0-0-0 Rc8 11. Bb3 Na5 12. Kb1 Nxb3 13. Nxb3 a6 14. g4 b5 15. Nd5 Nxd5 16. exd5 Rc4 17. h4 f5 18. g5 f4 19. Bd4 Bf5 20. Rc1 e5 21. dxe6 Bxe6 22. Bxg7 Kxg7 23. Nd4 Bf7 24. b3 Qb6 25. bxc4 bxc4+ 26. Ka1 Rc8 27. Qc3 Kg8 28. Rb1 Qc5 29. Rb7 Re8 30. Rhb1 Re3 31. Rb8+ Be8 32. R1b7 Qe5 33. Rxe8+ Qxe8 34. Qxc4+ 1-0